Textes géographiques arabes sur la Palestine /
محفوظ في:
المؤلف الرئيسي:
التنسيق: كتاب
اللغة: French
منشور في:
Paris :
J. Gabalda,
1951.
سلاسل:
Études bibliques.
الموضوعات:
الوسوم: إضافة وسم
لا توجد وسوم, كن أول من يضع وسما على هذه التسجيلة!
رقم الطلب: DS111 .A2 M3 1951
| LEADER | 00667namaa2200229 4500 | ||
|---|---|---|---|
| 001 | 18598 | ||
| 003 | OSt | ||
| 005 | 20260505105745.0 | ||
| 008 | 130303s1951 fr 000 0 fre d | ||
| 040 | |c ARCE Library | ||
| 043 | |a awba--- |a awgz--- |a a-is--- | ||
| 050 | 4 | |a DS111 .A2 M3 1951 | |
| 100 | 1 | |a Marmarjī, A. S., |d 1887-, |e author | |
| 245 | 1 | 0 | |a Textes géographiques arabes sur la Palestine / |c A. S. Marmarjī. |
| 264 | 1 | |a Paris : |b J. Gabalda, |c 1951. | |
| 300 | |a xvii, 267 pages ; |c 26 cm. | ||
| 490 | 0 | |a Études bibliques. | |
| 650 | 0 | |a Temples |z Jerusalem. | |
| 651 | 0 | |a Palestine |x Description and travel. | |
| 901 | |a reviewed | ||
| 942 | |c BK |2 lcc | ||
| 999 | |c 19046 |d 19046 | ||
